000 00655nam0a22002411 4500
001 RU\NLR\A1SV\153731
005 20260423130106.0
035 _a(NLR Aleph) 012458547
090 _a12012929
_c12012929
100 _a20050320d1921 u y0rusy50 ca
101 1 _arus
_ceng
102 _aRU
200 1 _aПересмотр мирного договора
_e[Пер. с англ.]
210 _aПб.
_d1921
215 _a47 с.
620 _dСанкт-Петербург
700 1 _aКейнс
_bД.М.
_f1883-1946
_gДжон Мейнард
801 0 _aRU
_bNLR
_c20050320
899 _aTÜR
942 _cBOOK
980 _aA1SV
980 _aNB